[Event "Norway Chess (Women) 12th"]
[Site "Stavanger"]
[Date "2024.06.02"]
[Round "6"]
[White "Koneru, Humpy"]
[Black "Cramling, Pia"]
[Result "1/2-1/2"]
[WhiteElo "2545"]
[BlackElo "2449"]
[PlyCount "74"]
[EventDate "2024.05.27"]
[EventType "tourn"]
[EventRounds "10"]
[EventCountry "NOR"]
[EventCategory "22"]
[SourceTitle "CBM 220 Extra"]
[Source "ChessBase"]
[SourceDate "2024.07.31"]
[SourceVersion "1"]
[SourceVersionDate "2024.07.31"]
[SourceQuality "1"]

1. d4 Nf6 2. c4 e6 3. Nc3 Bb4 4. e3 0-0 5. a3 Bxc3+ 6. bxc3 c5 7. Bd3 Nc6 8. Rb1 b6 9. e4 Ne8 10. Nf3 d6 11. Bg5 f6 12. Be3 e5 13. h3 cxd4 14. cxd4 Nc7 15. 0-0 Qe7 16. Qc2 exd4 17. Nxd4 Nxd4 18. Bxd4 Ne6 19. Be3 Nc5 20. Bxc5 dxc5 21. a4 Be6 22. a5 Rab8 23. axb6 axb6 24. e5 g6 25. Rb3 Bf7 26. Re1 fxe5 27. Qb2 Qd6 28. Qxe5 Rfd8 29. Qxd6 Rxd6 30. Bf1 Rbd8 31. Rbb1 Rf6 32. Rb2 Rd4 33. Reb1 g5 34. f3 Rdd6 35. Kf2 Kg7 36. Kg3 h6 37. h4 Bg6 1/2-1/2

[Event "Norway Chess (Women) 12th"]
[Site "Stavanger"]
[Date "2024.05.30"]
[Round "4"]
[White "Cramling, Pia"]
[Black "Vaishali, Ramesh Babu"]
[Result "0-1"]
[WhiteElo "2449"]
[BlackElo "2489"]
[PlyCount "108"]
[EventDate "2024.05.27"]
[EventType "tourn"]
[EventRounds "10"]
[EventCountry "NOR"]
[EventCategory "22"]
[SourceTitle "CBM 220 Extra"]
[Source "ChessBase"]
[SourceDate "2024.07.31"]
[SourceVersion "1"]
[SourceVersionDate "2024.07.31"]
[SourceQuality "1"]

1. d4 Nf6 2. c4 g6 3. Nc3 d5 4. Nf3 Bg7 5. cxd5 Nxd5 6. e4 Nxc3 7. bxc3 c5 8. Be3 Bg4 9. Bb5+ Nc6 10. 0-0 0-0 11. Bxc6 bxc6 12. Qa4 cxd4 13. cxd4 c5 14. Rad1 Bxf3 15. gxf3 cxd4 16. Bxd4 Bxd4 17. Rxd4 Qb6 18. Rfd1 Qf6 19. Qa3 Rfc8 20. Qe3 Kg7 21. Kg2 Rc2 22. R1d2 Rxd2 23. Rxd2 Rc8 24. Qd4 Rc3 25. Qxf6+ Kxf6 26. f4 Ra3 27. h4 Ke6 28. f3 f5 29. exf5+ Kxf5 30. Kg3 a5 31. Re2 Kf6 32. Kg4 e6 33. Rc2 Ra4 34. Kg3 h6 35. Re2 h5 36. Rc2 Ra3 37. Re2 Ke7 38. Rc2 a4 39. Rd2 Rc3 40. Rd4 a3 41. Ra4 Kd6 42. Ra5 Rd3 43. Rg5 Rd1 44. Ra5 Rd3 45. Rg5 Rd2 46. Rxg6 Rxa2 47. f5 Re2 48. fxe6 Rxe6 49. Rg5 Re5 50. Rg6+ Kc5 51. Kf4 Rd5 52. Ra6 Kb4 53. Ke4 Ra5 54. Rb6+ Kc3 0-1

[Event "Norway Chess (Women) 12th"]
[Site "Stavanger"]
[Date "2024.05.29"]
[Round "3"]
[White "Cramling, Pia"]
[Black "Ju, Wenjun"]
[Result "1/2-1/2"]
[WhiteElo "2449"]
[BlackElo "2559"]
[PlyCount "101"]
[EventDate "2024.05.27"]
[EventType "tourn"]
[EventRounds "10"]
[EventCountry "NOR"]
[EventCategory "22"]
[SourceTitle "CBM 220 Extra"]
[Source "ChessBase"]
[SourceDate "2024.07.31"]
[SourceVersion "1"]
[SourceVersionDate "2024.07.31"]
[SourceQuality "1"]

1. d4 Nf6 2. c4 e6 3. Nc3 d5 4. Bg5 Be7 5. e3 0-0 6. Nf3 h6 7. Bxf6 Bxf6 8. Rc1 c6 9. Bd3 dxc4 10. Bxc4 Nd7 11. 0-0 e5 12. Ne4 exd4 13. Nxf6+ Nxf6 14. Qxd4 Bg4 15. Qxd8 Raxd8 16. Nd4 c5 17. Nb3 b6 18. f3 Be6 19. Bxe6 fxe6 20. Rfd1 Nd5 21. Kf2 Nb4 22. Rxd8 Rxd8 23. Ke2 Nxa2 24. Ra1 Nb4 25. Rxa7 Nd3 26. Ra6 Rd6 27. Nd2 Nxb2 28. Ra2 Nd3 29. Ra8+ Kh7 30. Nc4 Nc1+ 31. Kf2 Rd3 32. Nxb6 Rd2+ 33. Kg3 Ne2+ 34. Kh3 h5 35. Ra1 g5 36. Re1 Rc2 37. Nc4 g4+ 38. fxg4 hxg4+ 39. Kh4 g3 40. Kh3 gxh2 41. Kxh2 Kg6 42. Nd6 Nc1 43. Rf1 Nd3 44. Ne4 e5 45. Rf6+ Kg7 46. Rc6 c4 47. Kh3 Nb2 48. Nd6 Nd1 49. Rxc4 Nxe3 50. Rxc2 Nxc2 51. Kg3 1/2-1/2

[Event "FRA-chT Top 12 (Women) GpB"]
[Site "Chartres"]
[Date "2024.05.11"]
[Round "3.9"]
[White "Cramling, Pia"]
[Black "Haroutyunyan, Erika"]
[Result "1-0"]
[WhiteElo "2449"]
[BlackElo "1500"]
[PlyCount "47"]
[EventDate "2024.05.09"]
[EventType "team-tourn"]
[EventRounds "5"]
[EventCountry "FRA"]
[SourceTitle "CBM 220 Extra"]
[Source "ChessBase"]
[SourceDate "2024.07.31"]
[SourceVersion "1"]
[SourceVersionDate "2024.07.31"]
[SourceQuality "1"]
[WhiteTeam "Monaco (W)"]
[BlackTeam "Strasbourg (W)"]
[WhiteTeamCountry "MNC"]
[BlackTeamCountry "FRA"]

1. d4 Nf6 2. Nf3 e6 3. c4 d5 4. Bg5 b6 5. Nc3 Bb7 6. cxd5 Bxd5 7. e4 Bb7 8. Bb5+ c6 9. Bd3 Be7 10. Qe2 Nbd7 11. Rd1 a5 12. 0-0 0-0 13. e5 Nd5 14. Qe4 g6 15. Qh4 f6 16. exf6 Bxf6 17. Rfe1 Nxc3 18. bxc3 c5 19. Be4 Bxe4 20. Rxe4 cxd4 21. Rexd4 Ra7 22. Bxf6 Rxf6 23. Ne5 Rf5 24. Qxd8+ 1-0

[Event "SWE-chT 2324 Elite"]
[Site "Sweden"]
[Date "2024.03.08"]
[Round "7.5"]
[White "Krantz, Christopher"]
[Black "Cramling, Pia"]
[Result "0-1"]
[WhiteElo "2249"]
[BlackElo "2441"]
[PlyCount "46"]
[EventDate "2023.10.13"]
[EventType "team-tourn"]
[EventRounds "9"]
[EventCountry "SWE"]
[SourceTitle "EXT 2025"]
[Source "ChessBase"]
[SourceDate "2024.10.14"]
[SourceVersion "1"]
[SourceVersionDate "2024.10.14"]
[SourceQuality "1"]
[WhiteTeam "Eksjo"]
[BlackTeam "Wasa"]
[WhiteTeamCountry "SWE"]
[BlackTeamCountry "SWE"]

1. Nf3 c5 2. b3 d6 3. e3 e5 4. d4 e4 5. Nfd2 d5 6. c4 cxd4 7. exd4 Nf6 8. Bb2 Bd6 9. Nc3 0-0 10. Be2 Re8 11. Nf1 Nc6 12. Ne3 dxc4 13. Bxc4 a6 14. Be2 Bc7 15. d5 Ne5 16. 0-0 Qd6 17. g3 Bh3 18. Re1 Rad8 19. Nc4 Qd7 20. Qd2 b5 21. Nxe5 Rxe5 22. Rad1 Bb6 23. Bf3 Rde8 0-1